Animal Crossing - les Villageois Ours [avec image] - Statistiques

Statistiques générales
  • Ce quiz a été pris 11 fois
  • Le résultat moyen est 8 sur 16
Statistiques - réponses
Par images Réponse % Correct
Eustache
63%
Grizzly
63%
Ronchon
63%
Candy
50%
Chulin
50%
Curt
50%
Nathan
50%
Rosine
50%
Teddy
50%
Tutu
50%
Wendy
50%
Zabou
50%
Isaac
38%
Klaus
38%
Oursula
38%
Doudou
25%
Aucun quiz correspondant
Distribution des résultats
% des personnes avec chaque résultat
Percentile par nombre de réponses
Votre historique - résultats
Vous n’avez pas pris ce quiz